Normal view
MARC view
Entry Topical Term
001 - CONTROL NUMBER
- control field: 7697
003 - CONTROL NUMBER IDENTIFIER
- control field: OSt
005 - DATE AND TIME OF LATEST TRANSACTION
- control field: 20160408191413.0
008 - FIXED-LENGTH DATA ELEMENTS
- fixed length control field: 160408|| aca||aabn | a|a d
040 ## - CATALOGING SOURCE
- Original cataloging agency: OSt
- Transcribing agency: OSt
150 ## - HEADING--TOPICAL TERM
- Topical term or geographic name entry element: Economic development projects
- General subdivision: Social aspects.
670 ## - SOURCE DATA FOUND
- Source citation: Work cat.: (OSt)3444: Barrow, Christopher J. 7695, Environmental and social impact assessment :, 1997.
